| 000 | 00705nam a2200217 i 4500 | ||
|---|---|---|---|
| 001 | bg | ||
| 100 | 1 | _aSZYMAŃSKI, Grzegorz | |
| 245 | 1 | 0 |
_aSymulacja cyfrowa niebezpiecznych oddziaływań stacji i linii wysokich napięć / _cGrzegorz Szymański. |
| 260 |
_aPoznań : _bWydaw. Politechniki Poznańskiej, _c1998. |
||
| 300 |
_a139 s. : _brys., wykr. ; _c24 cm. |
||
| 504 | _aBibliogr. s. 127-139. | ||
| 650 | 9 |
_aSieć elektryczna _xbezpieczeństwo _xbadanie |
|
| 650 | 9 |
_aSymulacja _xstosowanie _xelektroenergetyka |
|
| 020 | _a8371431961 | ||
| 040 | _cBPK | ||
| 041 | 0 | _apl | |
| 080 | _a621.315:004.94:519.86 | ||
| 920 | _a83-7143-196-1 | ||
| 942 | _cKS | ||
| 008 | s pl f |000 0 pol | ||
| 999 |
_c36521 _d36521 |
||
| 856 |
_uhttp://koha.tu.koszalin.pl/cgi-bin/koha/opac-detail.pl?biblionumber=36521 _yKatalog online BPK |
||